History Quiz

Random History or Clickable Quiz
Score 0/39 Timer 04:00
0 Plays Today
% Correct
AMA
89.5%
NOTGN
87.5%
TLEVE
85.6%
NOSRE
85.1%
EGDI
84.6%
YDEN
84.1%
NLO
83.2%
REV
83.2%
NOSK
82.6%
NOSN
81.1%
NOX
81%
REWOH
80.2%
SMA
79.2%
NOS
78.9%
NANA
78.8%
EROM
78.4%
NAG
78.3%
DLEI
77.8%
NERU
77.8%
YELN
77.3%
% Correct
DNALE
76.8%
DR
76.8%
NOTN
76.7%
NAM
76.4%
NOSI
76.3%
TF
75.7%
KL
75.4%
ROL
73.9%
HS
73.4%
GNI
72.5%
REL
69.7%
RET
69.6%
EOR
68.5%
TNA
68.2%
PMU
67.1%
ECR
67%
RUH
60.4%
NOSIR
57.9%
SEY
49%
Remove Ads.
Support Sporcle.
Get the best of Sporcle when you Go Orange. This ad-free experience offers more features, more stats, and more fun while also helping to support Sporcle. Thank you for becoming a member.

You're not logged in!

Compare scores with friends on all Sporcle quizzes.
OR
Log In

Show Comments

Extras

Top Quizzes Today


Score Distribution

Your Account Isn't Verified!

In order to create a playlist on Sporcle, you need to verify the email address you used during registration. Go to your Sporcle Settings to finish the process.

Report this User

Report this user for behavior that violates our Community Guidelines.

Details: